| 000 | 00370nam a22001457a 4500 | ||
|---|---|---|---|
| 003 | OSt | ||
| 005 | 20160727222350.0 | ||
| 008 | 160622b xxu||||| |||| 00| 0 eng d | ||
| 040 | _ctest | ||
| 100 |
_9375 _aBintenfass, J, |
||
| 245 |
_aChiropractic _b A Morden Way To Health |
||
| 260 |
_aA Pyramid _c1970 |
||
| 300 | _aChiropractic: A Morden Way To Health | ||
| 942 |
_2ddc _cBK |
||
| 999 |
_c305 _d305 |
||